Nimeä käypä valtio #1 - Statistics

Yleistilastot
  • Tätä visaa on pelattu 253 kertaa
  • Keskiarvotulos 13 / 20
Vastaustilastot
Nimeä maa, ... Vastaukset % Oikein
jolla on sinivalkoinen lippu Kreikka | Suomi | Mikronesia | Honduras | Israel | Somalia
95%
jolla on sinikeltainen lippu Ukraina | Ruotsi | Kazakstan | Palau
94%
joka on kokonaan toisen valtion sisällä Lesotho | San Marino | Vatikaani
91%
jolla on maata Päiväntasaajalla Brasilia | Kolumbia | Kongon dem. tasavalta | Ecuador | Gabon | Indonesia | Kenia | São Tomé ja Príncipe | Somalia | Uganda
88%
joka on Mustanmeren rannalla Bulgaria | Georgia | Romania | Venäjä | Turkki | Ukraina
84%
jonka ainoat rajanaapurit ovat Kiina ja Intia Bhutan | Nepal
82%
joka Yhdysvaltojen mielestä sponsoroi terrorismia Iran | Pohjois-Korea | Sudan | Syyria
76%
joka kasvattaa enemmän kuin 600,000 tonnia kahvia vuosittain Brasilia | Vietnam | Kolumbia | Indonesia
71%
jonka keskimääräinen korkeus merenpinnasta on 3000 metriä Bhutan | Nepal | Tadžikistan
67%
joka on Punaisenmeren rannalla Djibouti | Egypti | Eritrea | Israel | Jordania | Saudi-Arabia | Sudan | Jemen
65%
jonka keskimääräinen vuosittainen sademäärä on vähemmän kuin 6 cm Egypti | Libya | Saudi-Arabia
63%
joka on Norsunluurannikon naapuri Burkina Faso | Ghana | Guinea | Liberia | Mali
62%
joka koskettaa Victoriajärveä Kenia | Tansania | Uganda
61%
jonka pääkaupunki alkaa J:llä Armenia | Israel | Indonesia | Etelä-Sudan
60%
joissa ei asunut ihmisiä 600 jaa. Bahama | Kap Verde | Islanti | Mauritius | Uusi-Seelanti | São Tomé ja Príncipe | Seychellit
56%
joka sijaitsee Borneon saarella Brunei | Indonesia | Malesia
56%
joka tunnustetaan valtioksi JetPunkissa, mutta ei YK:ssa Kosovo | Taiwan
54%
jonka nimessä on X-kirjain Luxemburg
40%
joka oli Alankomaiden siirtomaa, mutta on nykyään itsenäinen valtio Indonesia | Suriname
35%
jonka väestö romahti yli 5% vuosien 2010 ja 2017 välillä Andorra | Bosnia ja Hertsegovina | Kroatia | Georgia | Latvia | Liettua | Syyria
26%
Ehtoja vastaavia visoja ei löytynyt
Tulosjakauma
Jokaisen tuloksen saaneiden osuus
Persentiili vastausten määrän mukaan
Tuloshistoriasi
Et ole pelannut tätä visaa